000 00627nam a2200181Ia 4500
003 GCL
008 140319s9999 xx 000 0 ara d
040 _aGCL /
_cGCL
082 0 4 _a822
_bم ر
100 1 _aجامياك، ايف
245 1 0 _aدون كيشوت /
_cجامياك، ايف
260 _aالقاهرة :
_bالمركز القومى للمسرح والموسيقى ،
_c2005
300 _a199 ص ؛
_c20 سم
490 _aروائع المسرح العالمى
_v13
650 0 4 _aالمسرحيات الانجليزية المترجمة
650 0 4 _aالادب العالمى المترجم
942 _2ddc
_cBK
999 _c6809
_d6809